| 000 | 00703nam a22002292 4500 | ||
|---|---|---|---|
| 001 | 0000019546 | ||
| 005 | 20151217152157.0 | ||
| 008 | 110107s xx 000 0 eng d | ||
| 020 | _a0421571004 : | ||
| 040 |
_aKABU _cKABU |
||
| 100 | 1 |
_aFreckmann, Anke. _@0000179303 |
|
| 245 | 1 | 4 |
_aThe German legal system / _cAnke Freckmann, Thomas Wegerich. |
| 250 | _a1st ed. | ||
| 260 |
_aLondon : _bSweet & Maxwell, _c1999. |
||
| 300 | _axxxviii, 309 p. | ||
| 650 | 0 |
_aLaw _zGermany. _@0000179304 |
|
| 650 | 0 |
_aJustice, Administration _zGermany. _@0000179305 |
|
| 700 | 1 |
_aWegerich, Anke. _@0000179306 |
|
| 852 | 1 | _9p4420 KES | |
| 908 | _a110107 | ||
| 950 | _@1 | ||
| 999 |
_c8995 _d8995 |
||